000 00246nam a2200097Ia 4500
008 230508s2003 xx 000 0 und d
041 _aeng
100 _aV.MANOILOV
245 _aFUNDAMENTALS OF ELECTRICAL SAFETY
260 _bMIR.PUBLI.MOSCOW
_c2003
999 _c723599
_d723599